A textbook of agricultural entomology
Uloženo v:
| Hlavní autor: | |
|---|---|
| Médium: | Kniha |
| Jazyk: | angličtina |
| Vydáno: |
Londres
Blackwell Science
1999
|
| Témata: | |
| Tagy: |
Přidat tag
Žádné tagy, Buďte první, kdo vytvoří štítek k tomuto záznamu!
|
MARC
| LEADER | 00000nam a2200000 a 4500 | ||
|---|---|---|---|
| 001 | UCN3915 | ||
| 003 | CL-VaPUC | ||
| 008 | 010713e19990000uk |||||||||||||||||eng|d | ||
| 082 | 0 | 4 | |a 632.7 |b ALF |2 21 |
| 100 | 0 | |a Alford, David V |e author |9 460538 | |
| 245 | 1 | 2 | |a A textbook of agricultural entomology |
| 300 | |a 314 p | ||
| 942 | |c BK | ||
| 945 | |d 20010713 00:00:00 |a cmena | ||
| 260 | |a Londres |b Blackwell Science |c 1999 | ||
| 650 | 7 | |a ENTOMOLOGIA - AGRICULTURA |2 CL-VaPUC |9 460539 | |
| 650 | 0 | |a Insectos |9 264174 | |
| 650 | 0 | |a Pesticidas |9 358300 | |
| 650 | 0 | |a Control de plagas |9 327373 | |
| 583 | |a last modification |c 20171005 12:04:31 |k Rodrigo Vera | ||
| 999 | |c 296578 |d 296576 | ||